| 000 | 00550nam a22001457a 4500 | ||
|---|---|---|---|
| 003 | SGT | ||
| 082 | _a004,WEB | ||
| 100 | _aMALHOTRA,S | ||
| 245 | _aSERVER ADMINISTRATION | ||
| 260 |
_aNEW DELHI _bDONT. DR. SINGH PVC SGT UNIVERSITY _c2001 |
||
| 300 | _a2015 | ||
| 650 | _aCOMPUTER SCIENCE | ||
| 653 | _aNETWORKING AND COMMUNICATION, WINDOWS NT INSTALLATION, STARTING WITH WINDOWS NT, WORKING WITH USER MANAGEMENT, DISK ADMINISTRATOR, CONTROL PANEL, FIREWALL AND PROXY SERVER, TCP/IP, INTERNET INFORMATION SERVER, UPLOADING FILES | ||
| 942 |
_2ddc _cFCM |
||
| 999 |
_c8946 _d8946 |
||